Responses for show #6930 - Friday, October 31, 2014

Contestants

[<< previous game]

Tyler Johnson, a blogger from Buffalo, New York

Allison Solomon, a management consultant originally from Brooksville, Florida (whose 1-day cash winnings total $20,200)

Ryan Alley, a patent attorney from Alexandria, Virginia (whose 2-day cash winnings total $39,800)

[next game >>]

Jeopardy! Round responses

MEET YOUR ANCESTORS
TV SHOWS BY BOSS
A MATTER OF WIFE & DEATH
STRAIGHT "A"
(Alex: That's the only vowel that will appear in each correct response. There may be more than one "A".)
WORLD HOLIDAYS & OBSERVANCES
ONLY ONE
    $200 1
Irish

Allison
    $200 9
The Simpsons

Ryan
    $200 22
Shakespeare

Ryan
    $200 7
a warrant

Ryan
    $200 3
a grape

Ryan
    $200 13
blue

Allison
    $1,000 2
German

Allison
    $400 18
Parks and Recreation

Ryan
    $400 23
Liam Neeson

Tyler
    $400 8
a graft

Tyler
    $400 27
the tango

Allison
    $400 14
Warwickshire

Triple Stumper
    $600 4
(Allison: What is Scotch-Irish?)

American

Allison
Triple Stumper
    $600 19
Bewitched

Tyler
    $600 24
Johnny Cash

Allison
    $600 10
trawl

Ryan
    $600 15
Saint Lucia

Ryan
    $800 5
(Ryan: What is Scotch-Irish?)

African-American

Ryan
Triple Stumper
    $800 20
The Mary Tyler Moore Show

Tyler
    $800 25
(Joan) Kroc

Tyler
    $800 11
mallard

Ryan
    $800 29
[The end-of-round signal sounds.]

the Aztecs

Ryan
    $800 16
Mensa

Ryan
    $1000 6
Native American

Ryan
    $1000 21
Entourage

Allison
    $1000 26
Madame Chiang Kai-shek

Triple Stumper
    $1000 12
(Tyler: What is a mass?)

a cantata

RyanTyler
    $1000 28
(Ryan: Who is Prince Albert?)

Prince Rainier

Ryan
Triple Stumper
    $1000 17
(Alex: Yes; the other two are plays.)

The Picture of Dorian Gray

Tyler

Scores at the first commercial break (after clue 11):

Ryan Allison Tyler
$2,200 $600 $400

Scores at the end of the Jeopardy! Round:

Ryan Allison Tyler
$5,000 $2,800 $3,000

Double Jeopardy! Round responses

IT'S ALL IN THE PAST
CREATURE FEATURES
WORDS ABOUT WORDS
"O" CANADA
HENRIK IBSEN
A DOLL'S HOUSE
    $400 1
(Erwin) Rommel

Ryan
    $400 6
Cat

Ryan
    $400 22
diminutive

Ryan
    $400 2
Ontario

Ryan
    $400 18
(Ryan: What is Sweden?)

Norway

RyanAllison
    $400 21
Ken

Ryan
    $800 8
Jane Seymour

Allison
    $800 16
Mule

Tyler
    $800 15
a euphemism

Tyler
    $800 3
the Oregon Treaty

Allison
    $800 26
(Edvard) Grieg

Ryan
    $800 28
Kewpie dolls

Allison
    $1200 9
(Matthew) Perry

Ryan
    $1200 17
Penguins

Ryan
    $1200 13
(Tyler: What is a spoonerism?)

a malaprop

Tyler
Triple Stumper
    $1200 4
Ottawa

Ryan
    $1200 25
(Alex: Less than a minute to go.)

Ghosts

Allison
    $3,000 30
(Allison: What is manufactured in box?)
(Alex: No, you're close, though, what is [*]?)

mint in box

Allison
    $1600 10
the French & Indian War

Tyler
    $1600 19
(Allison: What are Chihuahuas?)
...
(Alex: Yes, singular.)

Chihuahua

AllisonTyler
    $1600 12
(Allison: What is an accent mark?)
(Ryan: What is a diaeresis?)
[Alex misread "accent" as "ancient", so Allison & Ryan did not lose $1600 for their incorrect responses to this clue.]

diacritical

Triple Stumper
    $1600 5
Oneida

Tyler
    $1600 23
Enemy

Ryan
    $1600 29
the American Girl dolls

Allison
    $2000 11
Thermopylae

Ryan
    $2000 20
Jackal

Tyler
    $1,400 14
a portmanteau

Ryan
    $2000 7
(Alex: And his name is [*].)

Michael Ondaatje

Triple Stumper
    $2000 24
Nora

Ryan
    $2000 27
(Tyler: What are voodoo dolls?)

kachina dolls

Tyler
Triple Stumper

Scores at the end of the Double Jeopardy! Round:

Ryan Allison Tyler
$18,000 $3,800 $8,200
(lock game)

[wagering suggestions for these scores]

Final Jeopardy! Round responses

INVENTIONS
AllisonWhat are helicopters?
$1,800
TylerWhat is The Flak Jacket
$500
RyanWhat is ejector seat
$1,000
the flight simulator

Final scores:

Ryan Allison Tyler
$17,000 $2,000 $7,700
3-day champion: $56,800 3rd place: $1,000 2nd place: $2,000

Game dynamics:

Coryat scores:

Ryan Allison Tyler
$18,600 $6,200 $8,200
25 R
(including 1 DD),
3 W
12 R
(including 1 DD),
3 W
(including 1 DD)
12 R,
3 W

Combined Coryat: $33,000

The J! Archive is created by fans, for fans. The Jeopardy! game show and all elements thereof, including but not limited to copyright and trademark thereto, are the property of Jeopardy Productions, Inc. and are protected under law. This website is not affiliated with, sponsored by, or operated by Jeopardy Productions, Inc. Join the discussion at JBoard.tv.